Finančno-ekonomické metriky vo výrobnom podniku bakalárska práca
Saved in:
| Main Author: | |
|---|---|
| Corporate Author: | |
| Other Authors: | |
| Format: | Book |
| Language: | Slovak |
| Published: |
Košice
2025
|
| Tags: |
No Tags, Be the first to tag this record!
|
MARC
| LEADER | 00000nbm a2200000 4500 | ||
|---|---|---|---|
| 001 | 0310901 | ||
| 005 | 20260210132948.0 | ||
| 041 | 0 | |a slo | |
| 044 | |a SK | ||
| 245 | 1 | 0 | |a Finančno-ekonomické metriky vo výrobnom podniku |b bakalárska práca |c Simona Čubáková ; školiteľ: Mária Dolná |
| 264 | 1 | |a Košice |c 2025 | |
| 300 | |a 55 s. | ||
| 100 | 1 | |a Čubáková, Simona | |
| 700 | 1 | |a Forgáčová, Mária | |
| 710 | 2 | |a Podnikovohospodárska fakulta EU so sídlom v Košiciach. Katedra kvantitatívnych metód | |